| 000 | 00521nam a22001817a 4500 | ||
|---|---|---|---|
| 003 | OSt | ||
| 005 | 20180116183105.0 | ||
| 008 | 170727b xxu||||| |||| 00| 0 eng d | ||
| 020 | _a9781118856116 | ||
| 040 | _c0 | ||
| 082 | _a001.422 JAR 2015 | ||
| 100 | _aKristin H. Jarman | ||
| 245 |
_aBeyond Basic Statistics _bTips, Tricks and Techniques Every Data Analyst Should Know _cKristin H. Jarman |
||
| 260 |
_aIndia _bWiley _c2015 |
||
| 300 |
_a190p. _bpb. |
||
| 440 | _aBeyond Basic Statistics | ||
| 942 |
_2ddc _cBK |
||
| 999 |
_c352001 _d352001 |
||